000 00828cam a2200229 a 4500
001 11900748
005 20180309044036.0
008 000201s2000 enka b 001 0 eng
010 _a 00022435
020 _a0130228885 (pbk.)
040 _aDLC
_cDLC
_dDLC
041 _aeng
080 _a543.0072
082 0 0 _a543.0072 MIL
_221
100 1 _a12
101 _aKIM
245 1 0 _aStatistics and chemometrics for analytical chemistry /
_cJames N. Miller and Jane C. Miller.
504 _aIncludes bibliographical references and index.
906 _a7
_bcbc
_corignew
_d1
_eocip
_f20
_gy-gencatlg
942 _2ddc
_cBK
999 _c44558
_d44558